000 01519nas a22002054i 4500
999 _c64760
_d64760
001 768714001
003 CO-MdFUSB
005 20190128214303.0
008 190128s1978 sp ||||| |||| 00| 0 spa d
022 _a0210-1041
040 _aCO-MdFUSB
_bspa
_cCO-MdFUSB
_dCO-MdFUSB
041 _aspa
100 _aSchillebeeckx, Edward
_eautor
245 0 0 _aCuestiones sobre la salvación cristiana
_c/ Edward Schillebeeckx
300 _aNúmero 138b (1978), páginas 164-183
_c: 20 cm
520 _aConcilium celebra anualmente una asamblea general en la que participan todos los miembros del comité de dirección, así teólogos como científicos, y los diversos editores de la revista. De cuando en cuando se otorga a esa asamblea el carácter de congreso y se dedica al estudio de algún tema que el entorno cultural plantea a la teología de la iglesia. El contenido de cada artículo de esta revista y cuyo resultado plasmado aquí, ocurre debido a la estudio y análisis ocurrido en 1977 en una reunión que tuvo lugar en la universidad de Notre Dame, South Bend / Chicago. Los interrogantes que en ella se plantearon fueron éstos: ¿Cuál es la verdadera situación de la Iglesia hoy? ¿Qué se ha hecho y qué está por hacer después del Vaticano II? ¿Será necesario y hasta inaplazable un nuevo concilio?
650 0 _948
_aSalvación
773 0 _049450
_960420
_oR0326
_tRevista internacional de teología Concilium
_w(CO-MdFUSB)8
_x0210-1041
_gNúmero 138b (1978), páginas 164-183
_qPágina 164
942 _cANA